The Great Gatsby Songs in Order - Statistics

General Stats
  • This quiz has been taken 50 times
  • The average score is 19 of 23
Answer Stats
Answer % Correct
New Money
100%
Roaring On
100%
For Her
97%
My Green Light
97%
Past is Catching Up to Me
94%
Absolute Rose
90%
Beautiful Little Fool
90%
For Better or Worse
90%
For Her (Reprise)
90%
The Met
90%
Go
87%
Valley of Ashes
87%
New Money (Reprise)
84%
Only Tea
84%
Second-Hand Suit
81%
Shady
81%
Better Hold Tight
77%
Finale : Roaring On
77%
One-Way Road
77%
God Sees Everything
74%
Made to Last
71%
La Dee Dah With You
68%
For Better or Worse (Reprise)
61%
No matching quizzes found
Score Distribution
Percent of People with Each Score
Percentile by Number Answered
Your Score History
You have not taken this quiz